| 000 | 03213nam0a2200409 4500 | ||
|---|---|---|---|
| 001 | RU\NLR\BIBL_A\012798189 | ||
| 005 | 20220914164356.0 | ||
| 010 |
_a978-5-7782-4550-1 _950 |
||
| 021 |
_aRU _bКН-П-22-010375 _9КН-П-22-0867 |
||
| 035 | _a(NLR Aleph) 012798189 | ||
| 035 | _a(RuMoRGB)010985074 | ||
| 090 |
_a13174515 _c13174515 |
||
| 100 | _a20220524d2021 u y0rusy50 ca | ||
| 101 | 0 | _arus | |
| 102 | _aRU | ||
| 105 | _aa j 000zy | ||
| 181 | 0 |
_ai3 _baxxe |
|
| 182 | 0 | _an | |
| 200 | 1 |
_aОсновы организационной психологии _eучебное пособие _eстудентам непрофильных направлений обучения, осваивающим курс "Психология и технологии социального взаимодействия", а также дисциплину "Основы проектной деятельности" _fА. А. Осинцева, Н. В. Панова, М. А. Матюшина, Н. С. Зубарева _gпод редакцией А. А. Осинцевой _gМинистерство науки и высшего образования Российской Федерации, Новосибирский государственный технический университет, [Факультет гуманитарного образования] |
|
| 203 |
_aТекст _bвизуальный _cнепосредственный |
||
| 210 |
_aНовосибирск _cИзд-во НГТУ _d2021 |
||
| 215 |
_a77, [1] с. _cил., табл. _d21 |
||
| 300 | _aАвт. указаны на обороте тит. с. | ||
| 320 | _aБиблиогр.: с. 62-63 (27 назв.) | ||
| 330 | _aРассматриваются актуальные для современного человека вопросы: коммуникация и взаимодействие с другими людьми; эффективное общение в повседневных ситуациях, в неформальном общении, в учебном процессе или при выполнении профессиональной деятельности; умение работать в команде; самоанализ, самоорганизация и самомотивация | ||
| 606 | 1 |
_aПсихология организационная _jУчебные издания для высших учебных заведений _91892869 _3RU\NLR\AUTH\66861019 |
|
| 686 | 1 | _aС550.37я73 | |
| 701 | 1 |
_aОсинцева _bА. А. _gАнна Александровна |
|
| 701 | 1 |
_aПанова _bН. В. _gНаталья Владимировна |
|
| 701 | 1 |
_aМатюшина _bМ. А. _gМарина Александровна |
|
| 701 | 1 |
_aЗубарева _bН. С. _gНадежда Сергеевна |
|
| 712 | 0 | 2 |
_4570 _aНовосибирский государственный технический университет _bФакультет гуманитарного образования _9765986 _3RU\NLR\AUTH\8810134998 |
| 942 | _cBOOK | ||
| 980 | _aNB | ||